|
|
|
|
| LEADER |
00000nab a2200000 a 4500 |
| 001 |
vtls011133159 |
| 003 |
SK-MaSNL |
| 005 |
20260303150939.0 |
| 008 |
230222|2002 xo |||||||||||||||||slo| |
| 015 |
|
|
|a SNBRB
|
| 035 |
|
|
|a (uuid)4e153f00-0ac5-4be5-a7f9-df86be91e8ff
|
| 035 |
|
|
|a (urnnbn)urn:nbn:sk:snk:ar-a09ndc
|
| 035 |
|
|
|a urn:nbn:sk:snk-abaaxn
|
| 040 |
|
|
|a SNKBUCL
|b slo
|c SNKBUCL
|e AACR2
|
| 041 |
0 |
|
|a slo
|
| 044 |
|
|
|a xo
|c SK
|
| 100 |
1 |
|
|a Kustrová, Milota,
|d 1965-
|4 aut
|9 404746
|
| 245 |
1 |
0 |
|a VÝSKYT RIZIKOVÝCH FAKTOROV KARDIOVASKULÁRNYCH OCHORENÍ U VOJAKOV PROFESIONÁLOV
|c Milota Kustrová
|
| 773 |
0 |
|
|t Zborník Vojenskej akadémie Slovenského národného povstania
|g Roč. 9, č. 3 (2002), s. 115-123
|
| 954 |
|
|
|a odborná, vedecká literatúra pôvodná (slovenská)
|2 lita
|
| 958 |
|
|
|a OND
|
| 958 |
|
|
|a EUIPO
|
| 958 |
|
|
|a article13
|
| 999 |
|
|
|c 2014739
|d 2016669
|